| 000 | 00831cab a2200205 4500 | ||
|---|---|---|---|
| 001 | X77351 | ||
| 008 | 090401t1997 xxu||||| |||| 00| 0 eng d | ||
| 035 | _a(Sirsi) u77351 | ||
| 041 | _aeng | ||
| 245 | _aMackay v Crofters Commission | ||
| 260 | _c1997 | ||
| 350 | _a0 | ||
| 490 |
_aScots Law Times _v(1997) SLT(Land Ct)4-7(4) |
||
| 520 | _aScottish Land Court. Lord Philip, D D McDiarmid, D M MacDonald. 16 May 1996. Landlord and tenant - croft- decrofting direction - croft not vacant at date of application - proposed use of part of croft for growing trees and plants - reasonable purpose - whether purpose clear - competency - Crofters (Scotland) Act 1993. | ||
| 650 | _aCROFTERS (SCOTLAND) ACT 1993 | ||
| 650 | _aCROFTING | ||
| 690 | _aLANDLORD AND TENANT-AGRICULTURAL TENANCIES | ||
| 942 | _n0 | ||
| 948 | _c25/03/1997 | ||
| 999 |
_c48630 _d48630 |
||